|
|
|
|
| LEADER |
00000cam a22000004a 4500 |
| 001 |
musev2_49319 |
| 003 |
MdBmJHUP |
| 005 |
20230905045125.0 |
| 006 |
m o d |
| 007 |
cr||||||||nn|n |
| 008 |
161213s2016 dcu o 00 0 eng d |
| 020 |
|
|
|a 9780813228990
|
| 020 |
|
|
|z 9780813228983
|
| 020 |
|
|
|z 9780813236322
|
| 035 |
|
|
|a (OCoLC)965828545
|
| 040 |
|
|
|a MdBmJHUP
|c MdBmJHUP
|
| 100 |
1 |
|
|a Morrow, Maria C.,
|e author.
|
| 245 |
1 |
0 |
|a Sin in the Sixties :
|b Catholics and Confession 1955-1975 /
|c Maria C. Morrow.
|
| 264 |
|
1 |
|a Washington, D.C. :
|b Catholic University of America Press,
|c [2016]
|
| 264 |
|
3 |
|a Baltimore, Md. :
|b Project MUSE,
|c 2017
|
| 264 |
|
4 |
|c ©[2016]
|
| 300 |
|
|
|a 1 online resource.
|
| 336 |
|
|
|a text
|b txt
|2 rdacontent
|
| 337 |
|
|
|a computer
|b c
|2 rdamedia
|
| 338 |
|
|
|a online resource
|b cr
|2 rdacarrier
|
| 588 |
|
|
|a Description based on print version record.
|
| 610 |
2 |
7 |
|a Catholic Church.
|2 fast
|0 (OCoLC)fst00531720
|
| 610 |
2 |
6 |
|a Église catholique
|x Doctrines.
|
| 610 |
2 |
0 |
|a Catholic Church
|z United States
|x History
|y 1945-
|
| 610 |
2 |
0 |
|a Catholic Church
|x Doctrines.
|
| 650 |
|
7 |
|a Theology, Doctrinal.
|2 fast
|0 (OCoLC)fst01149617
|
| 650 |
|
7 |
|a Sin.
|2 fast
|0 (OCoLC)fst01119194
|
| 650 |
|
7 |
|a Penance.
|2 fast
|0 (OCoLC)fst01056817
|
| 650 |
|
7 |
|a Forgiveness of sin.
|2 fast
|0 (OCoLC)fst00932869
|
| 650 |
|
7 |
|a RELIGION / Agnosticism
|2 bisacsh
|
| 650 |
|
7 |
|a RELIGION / Theology
|2 bisacsh
|
| 650 |
|
7 |
|a RELIGION / Christianity / General
|2 bisacsh
|
| 650 |
|
7 |
|a BODY, MIND & SPIRIT / Gaia & Earth Energies
|2 bisacsh
|
| 650 |
|
6 |
|a Peche.
|
| 650 |
|
6 |
|a Remission des peches.
|
| 650 |
|
6 |
|a Penitence.
|
| 650 |
|
0 |
|a Sin.
|
| 650 |
|
0 |
|a Forgiveness of sin.
|
| 650 |
|
0 |
|a Penance.
|
| 651 |
|
7 |
|a United States.
|2 fast
|0 (OCoLC)fst01204155
|
| 655 |
|
7 |
|a History.
|2 fast
|0 (OCoLC)fst01411628
|
| 655 |
|
7 |
|a Electronic books.
|2 local
|
| 710 |
2 |
|
|a Project Muse.
|e distributor
|
| 830 |
|
0 |
|a Book collections on Project MUSE.
|
| 856 |
4 |
0 |
|z Texto completo
|u https://projectmuse.uam.elogim.com/book/49319/
|
| 945 |
|
|
|a Project MUSE - Custom Collection
|
| 945 |
|
|
|a Project MUSE - 2017 Complete
|
| 945 |
|
|
|a Project MUSE - 2017 Philosophy and Religion
|